The popular handbook on the Rapture / (Record no. 10079)

MARC details
000 -LEADER
fixed length control field 01672cam a2200301 a 4500
001 - CONTROL NUMBER
control field 733248572
003 - CONTROL NUMBER IDENTIFIER
control field OCoLC
005 - DATE AND TIME OF LATEST TRANSACTION
control field 20241126110725.0
008 - FIXED-LENGTH DATA ELEMENTS--GENERAL INFORMATION
fixed length control field 111121s2011 oru b 000 0 eng
010 ## -
-- 2011047651
020 ## - INTERNATIONAL STANDARD BOOK NUMBER
International Standard Book Number 9780736947831 (pbk.)
020 ## - INTERNATIONAL STANDARD BOOK NUMBER
International Standard Book Number 0736947833 (pbk.)
035 ## - SYSTEM CONTROL NUMBER
System control number (OCoLC)733248572
040 ## - CATALOGING SOURCE
Original cataloging agency DLC
Language of cataloging eng
Transcribing agency DLC
Modifying agency BTCTA
-- BDX
-- LTP
-- OCLCO
042 ## -
-- pcc
082 ## - DEWEY DECIMAL CLASSIFICATION NUMBER
Classification number 236.9
Item number POP
092 ## - LOCALLY ASSIGNED DEWEY CALL NUMBER (OCLC)
Classification number 236.9
Item number P831
245 04 - TITLE STATEMENT
Title The popular handbook on the Rapture /
Statement of responsibility, etc. general editors, Tim LaHaye, Thomas Ice, and Ed Hindson
260 ## - PUBLICATION, DISTRIBUTION, ETC.
Place of publication, distribution, etc. Eugene, Or. :
Name of publisher, distributor, etc. Harvest House Publishers,
Date of publication, distribution, etc. c2011
300 ## - PHYSICAL DESCRIPTION
Extent 313 p. :
Other physical details ill. ;
Dimensions 22 cm
504 ## - BIBLIOGRAPHY, ETC. NOTE
Bibliography, etc. note Includes bibliographical references
520 ## - SUMMARY, ETC.
Summary, etc. "Why is there so much confusion about how and when the rapture will take place? Will Christians go through the Tribulation or be spared from it? What is next on God's prophetic timetable? More than ever, as world crises escalate, Christians are asking important questions about the rapture and second coming. In their search for answers they're discovering widely divergent views about the end times. Why all the different perspectives? Tim LaHaye, Thomas Ice, and Ed Hindson have brought together a team of respected Bible prophecy experts who look carefully to God's Word for clarity. This resource includes the latest research on rapture teaching, careful Bible scholarship, and answers that give Christians both comfort and hope for the future" --Cover, p. 4
650 #0 - SUBJECT ADDED ENTRY--TOPICAL TERM
Topical term or geographic name entry element Rapture (Christian eschatology)
9 (RLIN) 1501
700 1# - ADDED ENTRY--PERSONAL NAME
Personal name LaHaye, Tim F
9 (RLIN) 1025
700 1# - ADDED ENTRY--PERSONAL NAME
Personal name Ice, Thomas
9 (RLIN) 2040
700 1# - ADDED ENTRY--PERSONAL NAME
Personal name Hindson, Edward E
9 (RLIN) 1732
942 ## - ADDED ENTRY ELEMENTS (KOHA)
Source of classification or shelving scheme Dewey Decimal Classification
Koha item type Reference Books
Holdings
Withdrawn status Lost status Source of classification or shelving scheme Damaged status Not for loan Home library Current Library Shelving location Date acquired Total checkouts Full call number Barcode Date last seen Copy number Price effective from Koha item type
    Dewey Decimal Classification     GRACE BIBLE COLLEGE GRACE BIBLE COLLEGE Handbook 2024-02-29   236.9 POP 016540 2025-05-01 c.1 2024-02-29 Reference Books
© Grace Bible College Library 2025